| 000 | 00455nam a2200169Ia 4500 | ||
|---|---|---|---|
| 003 | GCL | ||
| 008 | 140319s9999 xx 000 0 eng d | ||
| 040 |
_aGCL / _cGCL |
||
| 082 | 0 | 4 |
_a672.32 _bG H |
| 100 | 1 | _aF.R.S, H.W. MELVILE | |
| 245 | 1 | 0 |
_aHIGH - QUALITY STEEL ROLLING / _cF.R.S, H.W. MELVILE |
| 260 |
_a[S.N] : _bMACMILLAN PUBLISHING COMPANY ، _c1993 |
||
| 300 | _a816 P | ||
| 650 | 0 | 4 | _aSTEEL WORK |
| 650 | 0 | 4 | _aSTEEL STRUCTURE |
| 942 |
_2ddc _cBK |
||
| 999 |
_c16557 _d16557 |
||